| 000 | 00446 a2200145 4500 | ||
|---|---|---|---|
| 003 | NUST | ||
| 005 | 20230221152708.0 | ||
| 040 | _cNust | ||
| 082 | _a297.1241,BUK | ||
| 100 |
_aBukhari, Abu abdullah Moud Bin Ismail _9109378 |
||
| 245 |
_aBukhari Sharif (Jild-3) / صحیح بخاری شیریف (Urdu) / _c Abu abdullah Moud Bin Ismail Bukhari |
||
| 260 |
_aLahore _bMuktaba Rehmania _c1985 |
||
| 300 | _a1055:p | ||
| 942 |
_2ddc _cBK _k297.1241,BUK |
||
| 999 |
_c187911 _d187911 |
||